Инновационные модели организации образовательного пространства на факультете социологии Санкт-Петербургского государственного университета (Запись № 4575017)

Подробности
000 -МАРКЕР
контрольное поле 02442nam0a2200361 i 4500
001 - ИДЕНТИФИКАТОР ЗАПИСИ
контрольное поле RU\NLR\bibl\2049334
005 - ИДЕНТИФИКАТОР ВЕРСИИ
контрольное поле 20260407113252.0
010 ## - МЕЖДУНАРОДНЫЙ СТАНДАРТНЫЙ НОМЕР КНИГИ (ISBN)
Номер (ISBN) 9785986200729
Тираж 300
021 ## - НОМЕР ГОСУДАРСТВЕННОЙ РЕГИСТРАЦИИ
Код страны российская федерация
Номер 2013-42582
Номер Листа государственной регистраци 2943
035 ## - ДРУГИЕ СИСТЕМНЫЕ НОМЕРА
Идентификатор записи (nilc)RuMoRGB-006588103
035 ## - ДРУГИЕ СИСТЕМНЫЕ НОМЕРА
Идентификатор записи (NLR Aleph) 002036411
100 ## - ДАННЫЕ ОБЩЕЙ ОБРАБОТКИ
Данные общей обработки 20130603d2012 u y0rusy50 ca
101 0# - ЯЗЫК РЕСУРСА
Язык текста, звукозаписи и т.д. русский
102 ## - СТРАНА ПУБЛИКАЦИИ ИЛИ ПРОИЗВОДСТВА
Страна публикации российская федерация
105 ## - ПОЛЕ КОДИРОВАННЫХ ДАННЫХ: ТЕКСТОВЫЕ МАТЕРИАЛЫ, МОНОГРАФИЧЕСКИЕ
Кодированные данные о монографическом текстовом документе a zzzz|||||
200 1# - ЗАГЛАВИЕ И СВЕДЕНИЯ ОБ ОТВЕТСТВЕННОСТИ
Основное заглавие Инновационные модели организации образовательного пространства на факультете социологии Санкт-Петербургского государственного университета
Сведения, относящиеся к заглавию [учебное пособие]
Первые сведения об ответственности Санкт-Петербургский гос. ун-т, Фак. социологии, Учебная лаб. учебного отд. Учебного упр. ректората
Последующие сведения об ответственности [ред. группа: И.К. Афанасьева и др.]
210 ## - ПУБЛИКАЦИЯ, РАСПРОСТРАНЕНИЕ И ДР.
Место издания, распространения и т.д. Санкт-Петербург
Имя издателя, распространителя и т. д. Учебная лаб. Учебного отд. Учебного упр. ректората Санкт-Петербургского гос. ун-та
Дата издания, распространения и т.д. 2012
215 ## - ФИЗИЧЕСКАЯ ХАРАКТЕРИСТИКА
Специфическое обозначение материала и объем 202, [1] с.
Другие сведения о физической характеристике ил., факс.
Размеры 20
320 ## - ПРИМЕЧАНИЯ О НАЛИЧИИ В ДОКУМЕНТЕ БИБЛИОГРАФИИ / УКАЗАТЕЛЯ
Текст примечания Библиогр.: с. 175-176
601 02 - НАИМЕНОВАНИЕ ОРГАНИЗАЦИИ КАК ПРЕДМЕТ
Начальный элемент ввода Санкт-Петербургский государственный университет
Структурное подразделение организации Центр научно-практической социальной работы и студенческих инициатив
Формальный подзаголовок Учебные издания
Системный номер авторитетной/нормативной записи 2171431
Идентификатор авторитетной/нормативной записи RU\NLR\AUTH\6601542681
686 1# - ИНДЕКСЫ ДРУГИХ КЛАССИФИКАЦИЙ
Индекс Ч489.112.66я7
686 1# - ИНДЕКСЫ ДРУГИХ КЛАССИФИКАЦИЙ
Индекс Ч489.114(2Р)7я7
702 #1 - ИМЯ ЛИЦА - ВТОРИЧНАЯ ОТВЕТСТВЕННОСТЬ
Код отношения Редактор
Материалы, к которым относится поле rus
Графика поля Кириллица
Начальный элемент ввода Афанасьева
Часть имени, кроме начального элемента ввода И. К.
Дополнения к именам, кроме дат соц. работник
Расширение инициалов личного имени Ирина Кирилловна
Идентификатор авторитетной/нормативной записи RU\NLR\auth\7782456
Системный номер авторитетной/нормативной записи 65384
711 02 - НАИМЕНОВАНИЕ ОРГАНИЗАЦИИ - АЛЬТЕРНАТИВНАЯ ОТВЕТСТВЕННОСТЬ
Начальный элемент ввода Санкт-Петербургский государственный университет
Структурное подразделение Факультет социологии
Идентификатор авторитетной/нормативной записи RU\NLR\AUTH\889942835
Системный номер авторитетной/нормативной записи 380694
801 #0 - ИСТОЧНИК ЗАПИСИ
Страна российская федерация
Организация RuMoRKP
Дата составления 20130603
Правила каталогизации RCR
801 #2 - ИСТОЧНИК ЗАПИСИ
Страна российская федерация
Организация РГБ
Дата составления 20130613
Правила каталогизации rcr
801 #1 - ИСТОЧНИК ЗАПИСИ
Страна российская федерация
Организация RuMoRKP
Дата составления 20130603
Источник данных rusmarc
801 #2 - ИСТОЧНИК ЗАПИСИ
Страна российская федерация
Организация NLR
Дата составления 20130702
Правила каталогизации rcr
942 ## - ДОПОЛНИТЕЛЬНЫЕ ЭЛЕМЕНТЫ ЗАПИСИ (АБИС)
Тип экземпляра АБИС Книга
980 ## - КОЛЛЕКЦИЯ
Название коллекции НБР

Нет доступных экземпляров.